Southville International School and Colleges
Your cart is empty.
  • Cart
  • Lists
    Public lists Eva Luna New books Lux_list list_1
    Your lists Log in to create your own lists
  • Log in to your account
  • Your cookies
  • Search history
Southville International School and Colleges
  • Advanced search
  • Recent comments
  • Most popular
  • Libraries

Log in to your account

Log in with GOOGLE


If you do not have an external account, but do have a local account, you can still log in:

  1. Home
  2. MARC view: Tourism and the lodging sector /
Normal view MARC view ISBD view

Tourism and the lodging sector / (Record no. 23769)

[ view plain ]
MARC details
000 -LEADER
fixed length control field 00604nam a2200217 a 4500
005 - DATE AND TIME OF LATEST TRANSACTION
control field 20140310183458.0
008 - FIXED-LENGTH DATA ELEMENTS--GENERAL INFORMATION
fixed length control field 091203s19uu xx 00 eng d
020 ## - INTERNATIONAL STANDARD BOOK NUMBER
International Standard Book Number 978075066594
050 ## - LIBRARY OF CONGRESS CALL NUMBER
Classification number TX 911
Item number .T56 2009
100 ## - MAIN ENTRY--PERSONAL NAME
Personal name Timothy, Dallen
245 ## - TITLE STATEMENT
Title Tourism and the lodging sector /
Statement of responsibility, etc Dallen Timothy.
260 ## - PUBLICATION, DISTRIBUTION, ETC. (IMPRINT)
Place of publication, distribution, etc Amsterdam :
Name of publisher, distributor, etc Butterworth-Heinemmann,
Date of publication, distribution, etc 2009.
300 ## - PHYSICAL DESCRIPTION
Extent 270 p. :
Dimensions 24 cm.
521 ## - TARGET AUDIENCE NOTE
Target audience note
650 ## - SUBJECT ADDED ENTRY--TOPICAL TERM
Topical term or geographic name as entry element Hotels.
650 ## - SUBJECT ADDED ENTRY--TOPICAL TERM
Topical term or geographic name as entry element Tourist camps, hostels, etc.
650 ## - SUBJECT ADDED ENTRY--TOPICAL TERM
Topical term or geographic name as entry element Tourism.
650 ## - SUBJECT ADDED ENTRY--TOPICAL TERM
Topical term or geographic name as entry element Hospitality industry.
700 ## - ADDED ENTRY--PERSONAL NAME
Personal name Teye, Victor B.
942 ## - ADDED ENTRY ELEMENTS (KOHA)
Koha item type Books
Source of classification or shelving scheme Library of Congress Classification
Call number prefix Foreign
Holdings
Withdrawn status Lost status Source of classification or shelving scheme Damaged status Home library Current library Shelving location Date acquired Source of acquisition Cost, normal purchase price Total Checkouts Full call number Barcode Date last seen Copy number Price effective from Koha item type
    Library of Congress Classification   College Library College Library General Circulation Section 07/21/2010 Donation 2757.00   TX 911 .T56 2009 C10882 05/15/2018 1 10/18/2013 Books

Tourism and the lodging sector /

APA

Timothy D., Teye V. B., . (2009). Tourism and the lodging sector. Amsterdam: Butterworth-Heinemmann.

Chicago

Timothy Dallen, Teye Victor B, . 2009. Tourism and the lodging sector. Amsterdam: Butterworth-Heinemmann.

Harvard

Timothy D., Teye V. B., . (2009). Tourism and the lodging sector. Amsterdam: Butterworth-Heinemmann.

MLA

Timothy Dallen, Teye Victor B, . Tourism and the lodging sector. Amsterdam: Butterworth-Heinemmann. 2009.

  • Place hold
  • Print
  • Cite
  • Add to your cart (remove)
  • Save record
    BIBTEX Dublin Core MARCXML MARC (non-Unicode/MARC-8) MARC (Unicode/UTF-8) MARC (Unicode/UTF-8, Standard) MODS (XML) RIS
  • More searches
    Search for this title in:
    Other Libraries (WorldCat) Other Databases (Google Scholar) Online Stores (Bookfinder.com) Open Library (openlibrary.org)

Exporting to Dublin Core...

SOUTHVILLE LIBRARY

Southville International School and Colleges Library

1281 Tropical Ave. Cor. Luxembourg St., BF Homes International, Las Pinas City

Tel. No. 8256374 / 252358 Loc. 117/146

Powered by Koha